World Postal Stationery Catalog, G (Record no. 1370)

000 -LEADER
fixed length control field 00303nam a22001217a 4500
003 - CONTROL NUMBER IDENTIFIER
control field OSt
008 - FIXED-LENGTH DATA ELEMENTS--GENERAL INFORMATION
fixed length control field 150501b xxu||||| |||| 00| 0 eng d
041 ## - LANGUAGE CODE
Language code of text/sound track or separate title eng
245 10 - TITLE STATEMENT
Title World Postal Stationery Catalog, G
260 ## - PUBLICATION, DISTRIBUTION, ETC. (IMPRINT)
Place of publication, distribution, etc. Pasadena, CA
Name of publisher, distributor, etc. Higgins & Gage, Inc.
300 ## - PHYSICAL DESCRIPTION
Extent 0 pages
700 1# - ADDED ENTRY--PERSONAL NAME
Personal name Fladung, Edward G.
Holdings
Withdrawn status Lost status Materials specified (bound volume or other part) Damaged status Not for loan Collection code Permanent Location Current Location Date acquired Total Checkouts Barcode Date last seen Price effective from Koha item type
    Other Binding     Richard Drews Northern Philatelic Library Northern Philatelic Library 05/01/2015   1001654 06/28/2015 06/28/2015 Books

Powered by Koha